[Event "16th EUR-ch"]
[Site "Jerusalem ISR"]
[Date "2015.03.01"]
[Round "5"]
[White "Bar, Aviv"]
[Black "Makhmutov, Rail"]
[Result "0-1"]
[WhiteElo "2130"]
[BlackElo "2448"]
[EventDate "2015.02.24"]
[PlyCount "92"]

1.e4 e6 2.d4 d5 3.Nd2 c5 4.Ngf3 cxd4 5.Nxd4 Nf6 6.e5 Nfd7 7.N2f3 Nc6 8.
Nxc6 bxc6 9.Bd3 Ba6 10.O-O Bxd3 11.Qxd3 Be7 12.Qe2 O-O 13.Rd1 Qb6 14.b3 
Rfc8 15.h4 a5 16.Rd4 Nxe5 17.Qxe5 Bf6 18.Qe3 c5 19.Rg4 Bxa1 20.c3 f6 21.
Qh6 Ra7 22.Qxf6 Rf8 23.Qe5 Rf5 24.Qe3 Rd7 25.Ne5 Re7 26.Nf3 d4 27.cxd4 
cxd4 28.Nxd4 Rd5 29.Ne2 Qxe3 30.Bxe3 Rc7 31.Ra4 e5 32.Bb6 Rc2 33.Ng3 Bd4 
34.Nf5 Bxf2+ 35.Bxf2 Rd1+ 36.Kh2 Rxf2 37.Ne3 Re1 38.Kg3 Rfe2 39.Ng4 Rg1 
40.Kf3 Rgxg2 41.Rxa5 e4+ 42.Kf4 Rxa2 43.Rb5 Ra8 44.Ne3 Rf2+ 45.Kxe4 Re8+ 
46.Kd4 Rf4+ 0-1

[Event "16th EUR-ch"]
[Site "Jerusalem ISR"]
[Date "2015.03.01"]
[Round "5"]
[White "Forster, Richard"]
[Black "Shohat, Yotam"]
[Result "1-0"]
[WhiteElo "2446"]
[BlackElo "1903"]
[EventDate "2015.02.24"]
[PlyCount "83"]

1.d4 Nf6 2.Nf3 g6 3.g3 Bg7 4.Bg2 O-O 5.O-O c5 6.c4 cxd4 7.Nxd4 Nc6 8.Nc3 
Qa5 9.Nc2 d6 10.Bd2 Qh5 11.e4 Qxd1 12.Rfxd1 Ne5 13.Ne3 Bg4 14.Nxg4 Nfxg4 
15.h3 Nf6 16.b3 Nc6 17.Rac1 Nd7 18.Be3 Nc5 19.Nd5 a5 20.Rd2 Rae8 21.Kh2 
Nb4 22.Nb6 Rd8 23.Rb1 Bc3 24.Re2 e5 25.a3 Nc6 26.Nd5 Bd4 27.Bh6 Rfe8 28.
Nf6+ Kh8 29.Nxe8 Rxe8 30.Rd2 Ne6 31.b4 axb4 32.axb4 Ra8 33.b5 Nb8 34.h4 
Nc5 35.Be3 Bxe3 36.fxe3 Nbd7 37.Rxd6 Ra2 38.Rbd1 Nf8 39.R1d2 Ra3 40.Rf6 
Rxe3 41.Rxf7 Nfe6 42.Bh3 1-0

[Event "16th EUR-ch"]
[Site "Jerusalem ISR"]
[Date "2015.03.01"]
[Round "5"]
[White "Zak, Arad"]
[Black "Sivuk, Vitaly"]
[Result "0-1"]
[WhiteElo "2061"]
[BlackElo "2517"]
[EventDate "2015.02.24"]
[PlyCount "162"]

1.d4 Nf6 2.c4 e6 3.Nf3 Bb4+ 4.Nc3 b6 5.Bg5 Bb7 6.e3 h6 7.Bh4 g5 8.Bg3 Ne4 
9.Qc2 Bxc3+ 10.bxc3 d6 11.Bd3 f5 12.d5 Qf6 13.Bxe4 fxe4 14.Qxe4 Qxc3+ 15.
Ke2 Qb2+ 16.Nd2 Qf6 17.h4 g4 18.h5 Nd7 19.Bh4 Qf5 20.Qd4 e5 21.Qe4 Qxe4 
22.Nxe4 b5 23.Rab1 Nb6 24.c5 dxc5 25.Nf6+ Kf7 26.Nxg4 Bxd5 27.Nxe5+ Ke6 
28.f4 b4 29.Rh3 Bxa2 30.Rd1 Nd5 31.Kf3 Bb3 32.Rc1 Nc3 33.e4 Rhg8 34.g4 
Bd1+ 35.Ke3 c4 36.Nxc4 Bxg4 37.Rg3 Bxh5 38.Ra1 Rxg3+ 39.Bxg3 b3 40.Ra6+ 
Kd7 41.Rxh6 Be2 42.Rh7+ Kc8 43.Be1 Bxc4 44.Bxc3 Kb7 45.Kd4 Bg8 46.Rg7 Kb6 
47.Bb2 c5+ 48.Kc3 Kb5 49.f5 Bc4 50.Rb7+ Kc6 51.Rh7 Be2 52.Rh6+ Kb5 53.Kxb3
Bd3 54.Rh4 Re8 55.f6 Bxe4 56.Bc3 Bd5+ 57.Kc2 Re3 58.Rf4 Bf7 59.Kd2 Rh3 60.
Rf2 Kc4 61.Be5 a5 62.Rg2 a4 63.Rg7 Rd3+ 64.Kc2 Rd7 65.Bb2 Kb4 66.Bc3+ Kb5 
67.Kb2 Kc4 68.Rg4+ Kd3 69.Rg3+ Ke2 70.Rg2+ Kf3 71.Rd2 Rb7+ 72.Kc1 a3 73.
Be5 a2 74.Bb2 Ke3 75.Rc2 Bg6 76.Rc3+ Ke2 77.Ra3 Rd7 78.Bc3 Rd1+ 79.Kb2 Bf7
80.Ra7 Rb1+ 81.Ka3 a1=Q+ 0-1

[Event "16th EUR-ch"]
[Site "Jerusalem ISR"]
[Date "2015.03.01"]
[Round "5"]
[White "Indjic, Aleksandar"]
[Black "Fischer, Sebastian"]
[Result "1-0"]
[WhiteElo "2546"]
[BlackElo "2256"]
[EventDate "2015.02.24"]
[PlyCount "71"]

1.d4 f5 2.Bg5 h6 3.Bh4 g5 4.e3 Nf6 5.Bg3 d6 6.Nc3 e6 7.h4 Rg8 8.hxg5 hxg5 
9.Qd2 Qe7 10.f3 Nc6 11.e4 f4 12.Bf2 a6 13.O-O-O Bd7 14.g3 fxg3 15.Bxg3 
O-O-O 16.d5 Nb8 17.Qd4 Bg7 18.Qa7 Rh8 19.Rxh8 Rxh8 20.Bf2 g4 21.Qa8 c5 22.
dxe6 Qxe6 23.Bg3 Ne8 24.Nd5 Bc6 25.Bc4 Bxd5 26.Bxd5 Qd7 27.e5 Qb5 28.Be6+ 
Kc7 29.exd6+ Kb6 30.c3 Bh6+ 31.Kb1 Ng7 32.c4 Qe8 33.Bd5 Qd7 34.Rd3 Re8 35.
Rb3+ Ka5 36.Qxb8 1-0

[Event "16th EUR-ch"]
[Site "Jerusalem ISR"]
[Date "2015.03.01"]
[Round "5"]
[White "Barnaure, Vlad-Victor"]
[Black "Belytsky, Alexandr"]
[Result "1/2-1/2"]
[WhiteElo "2508"]
[BlackElo "2227"]
[EventDate "2015.02.24"]
[PlyCount "93"]

1.d4 Nf6 2.c4 e6 3.Nf3 b6 4.g3 Bb7 5.Bg2 Be7 6.O-O O-O 7.Nc3 Ne4 8.Qc2 
Nxc3 9.bxc3 f5 10.d5 c5 11.Rd1 exd5 12.cxd5 d6 13.c4 Nd7 14.Rb1 Qe8 15.Rb3
Qh5 16.Re3 Rfe8 17.h3 Rad8 18.a4 Bf6 19.Rxe8+ Rxe8 20.Bf4 Ne5 21.Nxe5 Bxe5
22.Bxe5 Rxe5 23.e3 Ba6 24.Ra1 Qe8 25.Ra3 Bc8 26.Qb3 Re7 27.Kh2 Rb7 28.Qc2 
Bd7 29.Bf1 Qe5 30.Bd3 g6 31.Qd2 Kg7 32.Qe2 Be8 33.a5 bxa5 34.Rxa5 Qc3 35.
Ra6 Rb3 36.Rxa7+ Bf7 37.Bxf5 gxf5 38.Qh5 Qf6 39.Rxf7+ Qxf7 40.Qg5+ Qg6 41.
Qe7+ Kg8 42.Qd8+ Kf7 43.Qd7+ Kf8 44.Qd8+ Qe8 45.Qf6+ Kg8 46.Qg5+ Qg6 47.
Qd8+ 1/2-1/2

[Event "16th EUR-ch"]
[Site "Jerusalem ISR"]
[Date "2015.03.01"]
[Round "5"]
[White "Neverov, Valeriy"]
[Black "Ciobanu, Camelia-Adriana"]
[Result "1-0"]
[WhiteElo "2485"]
[BlackElo "2152"]
[EventDate "2015.02.24"]
[PlyCount "65"]

1.Nf3 c5 2.g3 Nc6 3.Bg2 e5 4.O-O d6 5.c4 Nge7 6.Nc3 g6 7.a3 Bg7 8.Rb1 Be6 
9.d3 h6 10.b4 Qd7 11.Nd2 f5 12.Nb3 cxb4 13.axb4 O-O 14.b5 Nd8 15.Ba3 Rc8 
16.c5 d5 17.c6 bxc6 18.Nc5 Qd6 19.bxc6 Rxc6 20.Nb5 Qb8 21.Nd4 Qxb1 22.Qxb1
exd4 23.Nxe6 Rxe6 24.Rc1 Rxe2 25.Re1 Rxe1+ 26.Qxe1 Re8 27.Bxd5+ Kh7 28.Kg2
Bf6 29.Bb3 Rh8 30.Bxe7 Re8 31.Qa5 Bxe7 32.Qa4 Rf8 33.Qd7 1-0

[Event "16th EUR-ch"]
[Site "Jerusalem ISR"]
[Date "2015.03.01"]
[Round "5"]
[White "Chekhov, Sergei"]
[Black "Nareznoy, David"]
[Result "1-0"]
[WhiteElo "2470"]
[BlackElo "2069"]
[EventDate "2015.02.24"]
[PlyCount "95"]

1.e4 e6 2.d4 d5 3.Nc3 Nf6 4.Bg5 dxe4 5.Nxe4 Be7 6.Bxf6 gxf6 7.Nf3 b6 8.
Bb5+ c6 9.Bd3 Bb7 10.Qd2 h5 11.Qf4 Nd7 12.Nd6+ Bxd6 13.Qxd6 Qb8 14.Qg3 Ke7
15.O-O-O Rg8 16.Qh3 Qf4+ 17.Kb1 Qg4 18.Qg3 Rac8 19.c4 h4 20.Nxh4 Qxd4 21.
Nf5+ exf5 22.Bxf5 Qxd1+ 23.Rxd1 Rxg3 24.Rxd7+ Kf8 25.fxg3 Rb8 26.Be4 Re8 
27.Bf3 Re7 28.Rxe7 Kxe7 29.Kc2 Ba6 30.Kd3 c5 31.Bd5 Bc8 32.Ke3 Bf5 33.Be4 
Be6 34.b3 a5 35.Bd3 Bd7 36.Kf4 Kf8 37.g4 Kg7 38.g5 a4 39.bxa4 Bxa4 40.
gxf6+ Kxf6 41.g4 Bd1 42.h4 Kg7 43.g5 f6 44.Kf5 fxg5 45.Kxg5 Ba4 46.h5 Be8 
47.h6+ Kh8 48.Kf6 1-0

[Event "16th EUR-ch"]
[Site "Jerusalem ISR"]
[Date "2015.03.01"]
[Round "5"]
[White "Gershkowich, David"]
[Black "Murey, Jacob"]
[Result "1/2-1/2"]
[WhiteElo "2227"]
[BlackElo "2428"]
[EventDate "2015.02.24"]
[PlyCount "97"]

1.e4 e6 2.d4 d5 3.Nc3 Nf6 4.Bg5 Bb4 5.e5 h6 6.Be3 Ne4 7.Qg4 g6 8.a3 Ba5 9.
b4 Nxc3 10.bxa5 c5 11.Bd3 Nc6 12.Nf3 cxd4 13.Bd2 Bd7 14.O-O Rc8 15.Rfe1 
Qxa5 16.Nxd4 Nxd4 17.Qxd4 Qc5 18.Qf4 Qe7 19.Re3 Na4 20.Rh3 g5 21.Qxg5 hxg5
22.Rxh8+ Qf8 23.Rxf8+ Kxf8 24.Bxg5 Nc5 25.Bf1 Ba4 26.Rc1 Nd7 27.Be3 Nxe5 
28.Bxa7 Rxc2 29.Rb1 b5 30.Bd4 Nc4 31.Ra1 e5 32.Bc5+ Kg7 33.Bb4 d4 34.Bd3 
Rb2 35.h4 Bc2 36.Bxc2 Rxc2 37.Rd1 Nb2 38.Rd2 Rxd2 39.Bxd2 Nc4 40.Bb4 f5 
41.Kf1 Kg6 42.Bc5 d3 43.f3 Kh5 44.g3 e4 45.fxe4 fxe4 46.Ke1 Kg4 47.Kf2 Kf5
48.Bb4 e3+ 49.Kf3 1/2-1/2

[Event "16th EUR-ch"]
[Site "Jerusalem ISR"]
[Date "2015.03.01"]
[Round "5"]
[White "Ferreira, Jorge Viterbo"]
[Black "Hochman, Elnatan"]
[Result "1-0"]
[WhiteElo "2427"]
[BlackElo "1976"]
[EventDate "2015.02.24"]
[PlyCount "61"]

1.Nf3 g6 2.e4 Bg7 3.d4 d6 4.c3 Nf6 5.Bd3 O-O 6.O-O e5 7.dxe5 dxe5 8.Nxe5 
Qe7 9.Nf3 Rd8 10.Qe2 h6 11.Nbd2 Nbd7 12.Nb3 a5 13.a4 Re8 14.Re1 Qd6 15.e5 
Nxe5 16.Nxe5 Ng4 17.Nxg4 Rxe2 18.Bxe2 h5 19.Ne3 Be6 20.Rd1 Qe7 21.Nd4 Re8 
22.Nxe6 Qxe6 23.Bc4 Qe4 24.Bd5 Qe5 25.Bxb7 f5 26.g3 g5 27.Ng2 g4 28.Bf4 
Qc5 29.Rd5 Qb6 30.Rb5 Qf6 31.Ne3 1-0

[Event "16th EUR-ch"]
[Site "Jerusalem ISR"]
[Date "2015.03.01"]
[Round "5"]
[White "Bochkarev, Yuriy"]
[Black "Slavin, Alexey"]
[Result "0-1"]
[WhiteElo "2076"]
[BlackElo "2391"]
[EventDate "2015.02.24"]
[PlyCount "60"]

1.d4 Nf6 2.Nf3 b6 3.Bf4 Bb7 4.e3 g6 5.Nbd2 Bg7 6.Bd3 O-O 7.h3 d6 8.Qe2 
Nbd7 9.e4 e5 10.dxe5 dxe5 11.Be3 Qe7 12.Ba6 Bxa6 13.Qxa6 Nh5 14.O-O-O Nf4 
15.Rh2 Rfd8 16.g3 Ne6 17.h4 Ndc5 18.Qa3 a5 19.h5 b5 20.hxg6 hxg6 21.Bh6 
Rd3 22.b3 Rxd2 23.Rdh1 Nd3+ 24.Kxd2 Qxa3 25.Bxg7 Kxg7 26.cxd3 Kf6 27.g4 
Qb2+ 28.Ke3 Nf4 29.g5+ Ke6 30.Nxe5 Kxe5 0-1

[Event "16th EUR-ch"]
[Site "Jerusalem ISR"]
[Date "2015.03.01"]
[Round "5"]
[White "Faizrakhmanov, Ramil"]
[Black "Belokopyt, Boris"]
[Result "1-0"]
[WhiteElo "2371"]
[BlackElo "1956"]
[EventDate "2015.02.24"]
[PlyCount "53"]

1.d4 d5 2.c4 e6 3.Nc3 Nf6 4.Nf3 c5 5.cxd5 cxd4 6.Qxd4 Nxd5 7.Bd2 Nc6 8.Qe4
Be7 9.a3 Nxc3 10.Bxc3 Bf6 11.Qc2 O-O 12.e3 Bxc3+ 13.Qxc3 Ne7 14.Rd1 Qb6 
15.Bd3 h6 16.Bb1 Nd5 17.Qc2 Nf6 18.O-O Qc6 19.Qd3 Re8 20.Ne5 Qc5 21.f4 a5 
22.h3 b6 23.Ng4 Nxg4 24.Qh7+ Kf8 25.hxg4 Qxe3+ 26.Kh2 Ba6 27.Rd7 1-0

[Event "16th EUR-ch"]
[Site "Jerusalem ISR"]
[Date "2015.03.01"]
[Round "5"]
[White "Veinberg, Nimrod"]
[Black "Altshul, Limor"]
[Result "1-0"]
[WhiteElo "2350"]
[BlackElo "1887"]
[EventDate "2015.02.24"]
[PlyCount "45"]

1.Nf3 d5 2.c4 dxc4 3.Na3 a6 4.Nxc4 b5 5.Nce5 e6 6.d4 Bb7 7.a4 Nd7 8.axb5 
Nxe5 9.Nxe5 Bb4+ 10.Bd2 Qxd4 11.Nd3 Bxd2+ 12.Qxd2 axb5 13.Rxa8+ Bxa8 14.
Qa5 Qa4 15.Qxc7 Nf6 16.Qc8+ Ke7 17.Qc5+ Ke8 18.f3 Qa5+ 19.b4 Qa1+ 20.Kf2 
Qa6 21.e3 Nd7 22.Qd4 f6 23.Qxd7+ 1-0

[Event "16th EUR-ch"]
[Site "Jerusalem ISR"]
[Date "2015.03.01"]
[Round "5"]
[White "Shevelev, Arkady"]
[Black "Kochavi, Ori"]
[Result "1/2-1/2"]
[WhiteElo "2285"]
[BlackElo "1607"]
[EventDate "2015.02.24"]
[PlyCount "55"]

1.e4 c5 2.Nf3 e6 3.d4 cxd4 4.Nxd4 a6 5.Bd3 Nf6 6.O-O Qc7 7.Qe2 Nc6 8.Nxc6 
dxc6 9.c4 e5 10.Nc3 Bc5 11.Be3 Bxe3 12.Qxe3 Qe7 13.f3 O-O 14.Na4 Nd7 15.c5
Rb8 16.Rac1 Rd8 17.Bc4 Nf6 18.Rfd1 Be6 19.Nb6 Nd7 20.Bxe6 Nxb6 21.Bxf7+ 
Qxf7 22.cxb6 Qxa2 23.Qg5 Rxd1+ 24.Rxd1 Qxb2 25.Rd8+ Rxd8 26.Qxd8+ Kf7 27.
Qd7+ Kf6 28.Qxb7 1/2-1/2

[Event "16th EUR-ch"]
[Site "Jerusalem ISR"]
[Date "2015.03.01"]
[Round "5"]
[White "Tifferet, Shaked"]
[Black "Erenberg, Ariel"]
[Result "0-1"]
[WhiteElo "2001"]
[BlackElo "2278"]
[EventDate "2015.02.24"]
[PlyCount "110"]

1.e4 c5 2.Nf3 a6 3.Nc3 e6 4.d4 cxd4 5.Nxd4 Qc7 6.Be2 Nc6 7.f4 b5 8.Nxc6 
dxc6 9.Be3 Bb7 10.O-O Be7 11.f5 exf5 12.Rxf5 Nf6 13.Bd3 Bd6 14.Kh1 Bc8 15.
Rg5 h6 16.Rxg7 Kf8 17.Bd4 Kxg7 18.Qh5 Be7 19.Rf1 Qd6 20.Be5 Qe6 21.Ne2 Qg4
22.Ng3 Kg8 23.Bxf6 Qxh5 24.Nxh5 Bxf6 25.Nxf6+ Kf8 26.e5 Be6 27.Kg1 Ke7 28.
Ne4 Rad8 29.Re1 Rd5 30.Nc3 Rd4 31.a3 Rhd8 32.Ne2 R4d7 33.b4 Bc4 34.Bxc4 
bxc4 35.c3 Rd1 36.Kf2 Rxe1 37.Kxe1 Rd5 38.Nd4 Rxe5+ 39.Kf2 Kd6 40.Nc2 Rf5+
41.Ke2 Rh5 42.h3 Rh4 43.Ke3 Ke5 44.Nd4 Re4+ 45.Kd2 Rxd4+ 46.cxd4+ Kxd4 47.
g4 c3+ 48.Kc2 Kc4 49.h4 f6 50.h5 Kd4 51.Kc1 Kd3 52.Kd1 c2+ 53.Kc1 Kc3 54.
b5 axb5 55.g5 fxg5 0-1

[Event "16th EUR-ch"]
[Site "Jerusalem ISR"]
[Date "2015.03.01"]
[Round "5"]
[White "Vaturi, Eden"]
[Black "Manakova, Maria"]
[Result "0-1"]
[WhiteElo "1798"]
[BlackElo "2318"]
[EventDate "2015.02.24"]
[PlyCount "158"]

1.c4 e5 2.Nc3 d6 3.Nf3 f5 4.d3 Nf6 5.Bg5 Be7 6.g3 c6 7.Bg2 O-O 8.O-O Na6 
9.a3 Nc7 10.Bd2 e4 11.Ne1 d5 12.Nc2 d4 13.Na2 Ne6 14.b4 b6 15.Nc1 c5 16.e3
Bb7 17.Rb1 Rb8 18.Bh3 Ng5 19.Bg2 Ne6 20.Bh3 exd3 21.Nxd3 Be4 22.Nf4 Nxf4 
23.exf4 Qd7 24.Rc1 Rfe8 25.Ne1 Bd6 26.Bg2 Rec8 27.Qb3 Qf7 28.Nf3 h6 29.b5 
Kh8 30.Rfe1 Qb7 31.a4 a6 32.Nh4 Bxg2 33.Nxg2 Ne4 34.Qd3 Be7 35.Re2 axb5 
36.axb5 Ra8 37.Rce1 Ra2 38.f3 Nxd2 39.Rxd2 Rxd2 40.Qxd2 Ra8 41.Qd3 Bf6 42.
Kf2 Qf7 43.Rc1 Qd7 44.Rc2 Ra1 45.Ne1 Ra4 46.Re2 g6 47.Rd2 Qf7 48.Rc2 Kg7 
49.Rc1 Qg8 50.Qb3 Qa8 51.Nd3 Ra3 52.Qd1 Ra2+ 53.Kg1 Qa3 54.Kh1 Qa5 55.Rc2 
Qa4 56.Rc1 Qxd1+ 57.Rxd1 Ra3 58.Kg2 Rc3 59.Nxc5 bxc5 60.Rb1 Rc2+ 61.Kh3 
Ra2 62.b6 Ra8 63.g4 Kf7 64.Kg3 Rb8 65.h4 Rb7 66.Rb5 Be7 67.h5 gxh5 68.g5 
Kg6 69.gxh6 Kxh6 70.Rb3 Kg6 71.Rb5 Kf7 72.Rb1 Bd8 73.Rh1 h4+ 74.Kh3 Rxb6 
75.Rc1 Re6 76.Rb1 Re3 77.Rb5 Rxf3+ 78.Kg2 Rg3+ 79.Kh2 Be7 0-1

[Event "16th EUR-ch"]
[Site "Jerusalem ISR"]
[Date "2015.03.01"]
[Round "5"]
[White "Katzir, Moshe"]
[Black "Westreich, Itay"]
[Result "0-1"]
[WhiteElo "2196"]
[BlackElo "1929"]
[EventDate "2015.02.24"]
[PlyCount "72"]

1.e4 e5 2.Nf3 Nc6 3.Bc4 Bc5 4.c3 Nf6 5.d3 Bb6 6.h3 d6 7.Bb3 Ne7 8.Nbd2 Ng6
9.Nc4 Be6 10.Ba4+ c6 11.Nxb6 axb6 12.Ng5 d5 13.Nxe6 fxe6 14.Bc2 O-O 15.g3 
Qc7 16.Qe2 c5 17.h4 h5 18.Bg5 Qf7 19.O-O Ng4 20.f3 Nf6 21.f4 exf4 22.gxf4 
Ng4 23.d4 Rfe8 24.a3 Ne7 25.Rae1 Kf8 26.Bb1 dxe4 27.Qxe4 Nf5 28.Rf3 c4 29.
Rd1 Nf6 30.Qe2 b5 31.Re1 Nd5 32.Qe5 Kg8 33.Bc2 Qg6 34.Kh2 Nxh4 35.Bxh4 
Qxc2+ 36.Re2 Qf5 0-1

[Event "16th EUR-ch"]
[Site "Jerusalem ISR"]
[Date "2015.03.01"]
[Round "5"]
[White "Chuvnik, Mordechai"]
[Black "Levin, Natan"]
[Result "1-0"]
[WhiteElo "2189"]
[BlackElo "1869"]
[EventDate "2015.02.24"]
[PlyCount "141"]

1.e4 c6 2.d4 d5 3.exd5 cxd5 4.Bd3 Nf6 5.h3 Nc6 6.c3 g6 7.Nf3 Qc7 8.O-O Bf5
9.Re1 e6 10.b3 Bd6 11.Bh6 Bf8 12.Bxf8 Kxf8 13.c4 Bxd3 14.Qxd3 Kg7 15.Nc3 
Nb4 16.Qe2 Rhd8 17.a3 Nc6 18.c5 a6 19.Qe3 b5 20.b4 Rdb8 21.Ne5 Nxe5 22.
dxe5 Ng8 23.Ne2 Ne7 24.Nd4 Nc6 25.Rad1 Ra7 26.Nxc6 Qxc6 27.Rd4 h5 28.Qg5 
Qe8 29.Rh4 Qe7 30.Rxh5 Qxg5 31.Rxg5 a5 32.Rg4 axb4 33.axb4 Ra4 34.Re3 Rd8 
35.Rd4 Rc8 36.Rc3 Kf8 37.Kh2 Ke7 38.Kg3 Rca8 39.h4 Ra2 40.Rf4 R8a7 41.Rcf3
Ke8 42.Kg4 Re2 43.Re3 Raa2 44.Kg3 Rec2 45.Ref3 Ra7 46.h5 gxh5 47.Rh4 Rd7 
48.Rxh5 d4 49.Rh8+ Ke7 50.Ra3 Rc3+ 51.Rxc3 dxc3 52.Rh1 Rd4 53.Rc1 Rxb4 54.
Rxc3 Rc4 55.Rxc4 bxc4 56.Kf3 Kd7 57.Ke4 Kc6 58.Kd4 c3 59.Kxc3 Kxc5 60.Kd3 
Kd5 61.f4 Kc6 62.Ke4 Kd7 63.Kf3 Ke7 64.Kg4 Kf8 65.Kg5 Kg7 66.g3 Kh7 67.Kf6
Kg8 68.g4 Kf8 69.f5 exf5 70.gxf5 Kg8 71.Ke7 1-0

[Event "16th EUR-ch"]
[Site "Jerusalem ISR"]
[Date "2015.03.01"]
[Round "5"]
[White "Pogosian, Vladimir"]
[Black "Rave, Avraham"]
[Result "1-0"]
[WhiteElo "2124"]
[BlackElo "1824"]
[EventDate "2015.02.24"]
[PlyCount "47"]

1.f4 Nf6 2.Nf3 d6 3.Nc3 Nbd7 4.e4 e5 5.d4 exd4 6.Qxd4 Qe7 7.Be2 c5 8.Qa4 
Kd8 9.O-O Nb6 10.Qa5 Qc7 11.e5 Nfd5 12.Nb5 Qb8 13.c4 Nb4 14.exd6 Nc6 15.
Qd2 a6 16.Nc7 Ra7 17.Ng5 Nd4 18.Nxf7+ Kd7 19.Bg4+ Kc6 20.Bf3+ Nxf3+ 21.
Rxf3 Nxc4 22.Qd5+ Kd7 23.Qxc4 Bxd6 24.Qe6+ 1-0

[Event "16th EUR-ch"]
[Site "Jerusalem ISR"]
[Date "2015.03.01"]
[Round "5"]
[White "Iliaguev, Nisim"]
[Black "Henseler, Jorgen"]
[Result "1-0"]
[WhiteElo "1926"]
[BlackElo "2123"]
[EventDate "2015.02.24"]
[PlyCount "79"]

1.e4 c6 2.Nc3 d5 3.Nf3 Bg4 4.h3 Bh5 5.exd5 cxd5 6.Bb5+ Nc6 7.g4 Bg6 8.Ne5 
Rc8 9.h4 d4 10.h5 Be4 11.Nxf7 Kxf7 12.Nxe4 Qd5 13.Qf3+ Ke8 14.Ba4 Qa5 15.
Bb3 Nf6 16.O-O d3 17.Re1 Ne5 18.Qf5 Rc6 19.Ng5 Nfxg4 20.Bf7+ Kd8 21.Ne6+ 
Rxe6 22.Bxe6 g6 23.Qe4 Qc5 24.Bxg4 Nxg4 25.Qxg4 gxh5 26.Qg3 e6 27.Qb8+ Kd7
28.Qxb7+ Kd8 29.Qb8+ Kd7 30.Qe5 Rg8+ 31.Kf1 Qc6 32.Qe4 Qb6 33.Qxh7+ Rg7 
34.Qxd3+ Bd6 35.Qe3 Bc5 36.d4 Bxd4 37.Rd1 e5 38.c3 Rg4 39.cxd4 exd4 40.Qd3
1-0

[Event "16th EUR-ch"]
[Site "Jerusalem ISR"]
[Date "2015.03.01"]
[Round "5"]
[White "Landa, Alex"]
[Black "Mdivani, Maka"]
[Result "1-0"]
[WhiteElo "1905"]
[BlackElo "2105"]
[EventDate "2015.02.24"]
[PlyCount "63"]

1.Nf3 d5 2.d4 e6 3.c4 f5 4.b3 Nf6 5.g3 b6 6.Bg2 Bb7 7.O-O Bd6 8.Na3 O-O 9.
cxd5 Nxd5 10.Nc4 Be7 11.Ba3 Bxa3 12.Nxa3 Nd7 13.Rc1 c5 14.Nc4 Qe7 15.Qc2 
Rac8 16.Qb1 N7f6 17.Qb2 Ne4 18.Nfd2 Nxd2 19.Qxd2 f4 20.Ne5 Rf5 21.Be4 Rf6 
22.dxc5 fxg3 23.hxg3 bxc5 24.Ng4 Rff8 25.Qd3 Nf6 26.Nxf6+ gxf6 27.Bxb7 
Qxb7 28.Qe3 Qe7 29.Rc4 Rfd8 30.Rfc1 Rd5 31.b4 e5 32.Qf3 1-0

[Event "16th EUR-ch"]
[Site "Jerusalem ISR"]
[Date "2015.03.01"]
[Round "5"]
[White "Drori, Dan"]
[Black "Iliaguev, Daniel"]
[Result "1-0"]
[WhiteElo "2104"]
[BlackElo "1813"]
[EventDate "2015.02.24"]
[PlyCount "71"]

1.e4 c5 2.Nc3 Nc6 3.Nf3 g6 4.d4 cxd4 5.Nxd4 Bg7 6.Nde2 Nf6 7.g3 O-O 8.Bg2 
d6 9.O-O a6 10.h3 Qc7 11.Bg5 Be6 12.Nd5 Bxd5 13.exd5 Na5 14.a4 Rac8 15.Rc1
h6 16.Be3 Nd7 17.Nd4 Nc4 18.Re1 Nxb2 19.Qg4 Nf6 20.Qh4 g5 21.Bxg5 hxg5 22.
Qxg5 Nh7 23.Qg4 Qc3 24.Nf5 Rce8 25.Re3 Qf6 26.Rb3 Nc4 27.Nxg7 Ne5 28.Nxe8+
Nxg4 29.Nxf6+ Ngxf6 30.Rxb7 Ra8 31.Rcb1 Nf8 32.Rxe7 N8d7 33.Rb7 Nc5 34.Ra7
Rf8 35.a5 Kg7 36.f4 1-0

[Event "16th EUR-ch"]
[Site "Jerusalem ISR"]
[Date "2015.03.01"]
[Round "5"]
[White "Sassoon, Roei"]
[Black "Aronin, Pavel"]
[Result "1/2-1/2"]
[WhiteElo "1896"]
[BlackElo "2085"]
[EventDate "2015.02.24"]
[PlyCount "132"]

1.e4 c5 2.Nc3 e6 3.f4 Nc6 4.Nf3 g6 5.Bc4 Bg7 6.O-O Nge7 7.d3 O-O 8.Qe1 d5 
9.Bb3 Nd4 10.Nxd4 cxd4 11.Ne2 dxe4 12.dxe4 Nc6 13.Qf2 a5 14.a4 Kh8 15.Rd1 
Qb6 16.Ra3 e5 17.h3 f5 18.Bd5 Nb4 19.c3 Nxd5 20.exd5 Qd6 21.c4 exf4 22.
Bxf4 Qb4 23.Nxd4 Qxc4 24.Nb5 Bd7 25.Rc1 Qb4 26.Re3 Bxb5 27.axb5 Qxb5 28.
Be5 Qxd5 29.Bxg7+ Kxg7 30.Rc7+ Rf7 31.Ree7 Rf8 32.Rxb7 Rxe7 33.Rxe7+ Rf7 
34.Qa7 Qd1+ 35.Kf2 Qd2+ 36.Kg1 Qe1+ 37.Rxe1 Rxa7 38.Ra1 Kf6 39.h4 a4 40.
Kf2 Ke6 41.Ke3 h6 42.g3 Kd5 43.Ra2 Re7+ 44.Kd3 Re4 45.b3 Rg4 46.Rxa4 Rxg3+
47.Kd2 Rg4 48.Ra5+ Kc6 49.Kd3 Kd6 50.h5 Rg3+ 51.Kc4 Rg4+ 52.Kd3 Ke6 53.
Ra6+ Kf7 54.Ra7+ Kf6 55.Ra6+ Kf7 56.Ra7+ Ke8 57.Ra8+ Kd7 58.Ra7+ Kc8 59.
Ra8+ Kb7 60.Rh8 gxh5 61.Rxh6 h4 62.Rh5 Rf4 63.Ke3 Rb4 64.Rxf5 h3 65.Rh5 
Rxb3+ 66.Kf4 Kc6 1/2-1/2

[Event "16th EUR-ch"]
[Site "Jerusalem ISR"]
[Date "2015.03.01"]
[Round "5"]
[White "Chubar, Vladimir"]
[Black "Feldman, Antony"]
[Result "1-0"]
[WhiteElo "2066"]
[BlackElo "1807"]
[EventDate "2015.02.24"]
[PlyCount "67"]

1.Nf3 c5 2.b3 Nc6 3.Bb2 Nf6 4.e3 e6 5.d4 Be7 6.Bd3 O-O 7.a3 d5 8.Nbd2 Qc7 
9.O-O Re8 10.Ne5 Bd6 11.f4 cxd4 12.exd4 Qb6 13.Ndf3 h6 14.Kh1 Ne4 15.Bxe4 
dxe4 16.Nd2 Nxe5 17.fxe5 Be7 18.Nxe4 Qc7 19.c4 Rf8 20.Qg4 Kh8 21.Qh5 b5 
22.d5 Bc5 23.b4 Be3 24.Rae1 exd5 25.cxd5 Bd2 26.Nxd2 Qc2 27.Bc1 Bb7 28.Ne4
Bxd5 29.Rf2 Qb1 30.Rfe2 Qd3 31.Bxh6 g6 32.Qh4 Kg8 33.Nf6+ Kh8 34.Bxf8# 1-0

[Event "16th EUR-ch"]
[Site "Jerusalem ISR"]
[Date "2015.03.01"]
[Round "5"]
[White "Globus, Or"]
[Black "Kerner, Michael"]
[Result "1/2-1/2"]
[WhiteElo "1862"]
[BlackElo "2063"]
[EventDate "2015.02.24"]
[PlyCount "82"]

1.Nf3 d5 2.c4 c6 3.g3 g6 4.Bg2 Bg7 5.cxd5 cxd5 6.d4 Nf6 7.O-O O-O 8.Nc3 
Nc6 9.Ne5 Ne4 10.f4 Nxc3 11.bxc3 Be6 12.Nxc6 bxc6 13.Qa4 c5 14.Ba3 cxd4 
15.cxd4 Bd7 16.Qd1 Bb5 17.Qd2 Qd7 18.Rfc1 Rfc8 19.e3 h5 20.Rc5 Rxc5 21.
Bxc5 Bf6 22.h3 Rc8 23.Rb1 a6 24.Qc2 Qe6 25.Kf2 Qc6 26.Rb4 a5 27.Rb1 e5 28.
Qb3 exd4 29.exd4 Ba6 30.Qxd5 Bxd4+ 31.Qxd4 Qxc5 32.Qxc5 Rxc5 33.Be4 h4 34.
gxh4 Kg7 35.Rb3 Bc8 36.Kg3 Be6 37.Ra3 Kf6 38.Bf3 Bf5 39.h5 g5 40.fxg5+ 
Kxg5 41.h4+ Kh6 1/2-1/2

[Event "16th EUR-ch"]
[Site "Jerusalem ISR"]
[Date "2015.03.01"]
[Round "5"]
[White "Cohen, Itay"]
[Black "Zlotogorski, Itay"]
[Result "0-1"]
[WhiteElo "1871"]
[BlackElo "2033"]
[EventDate "2015.02.24"]
[PlyCount "128"]

1.e4 d5 2.exd5 Qxd5 3.Nc3 Qd6 4.d3 Nf6 5.Nf3 g6 6.g3 c6 7.Bg2 Bg7 8.O-O 
O-O 9.Bf4 Qb4 10.Qc1 Nd5 11.Nxd5 cxd5 12.c3 Qb6 13.d4 Nd7 14.Re1 e6 15.Re2
Re8 16.Qd2 Nf6 17.Ne5 Bd7 18.Bg5 Bb5 19.Ree1 Qc7 20.h4 h5 21.Bf4 Qe7 22.
Bg5 Qf8 23.a4 Bc6 24.b3 Nd7 25.Nxc6 bxc6 26.b4 a5 27.bxa5 Rxa5 28.c4 Rea8 
29.cxd5 cxd5 30.Be3 Nb6 31.Bf1 Rxa4 32.Qc3 Nc4 33.Bf4 Ra3 34.Rxa3 Qxa3 35.
Qc1 Qb4 36.Be5 Kh7 37.Bxg7 Kxg7 38.Rd1 Ra2 39.Qf4 Qb3 40.Rc1 Kg8 41.Qc7 
Qb2 42.Qf4 Ra1 43.Rxa1 Qxa1 44.Kg2 Qa7 45.Bd3 Qe7 46.Qb8+ Kg7 47.Qb5 Qc7 
48.Qb4 Qa5 49.Qb3 Nd2 50.Qb2 Nc4 51.Qb3 Nd6 52.Kf3 Qd2 53.Qc2 Qxc2 54.Bxc2
Kf6 55.Ke3 Nf5+ 56.Kd3 g5 57.hxg5+ Kxg5 58.Bd1 Nd6 59.Bf3 h4 60.gxh4+ Kxh4
61.Be2 Kg5 62.Bd1 Kf4 63.Bh5 f6 64.Bd1 Ne4 0-1

[Event "16th EUR-ch"]
[Site "Jerusalem ISR"]
[Date "2015.03.01"]
[Round "5"]
[White "Kneler, Boris"]
[Black "Gorodetzky, Matan"]
[Result "1-0"]
[WhiteElo "2025"]
[BlackElo "1733"]
[EventDate "2015.02.24"]
[PlyCount "91"]

1.Nf3 Nf6 2.c4 e6 3.b3 d5 4.Bb2 c5 5.e3 Nc6 6.cxd5 exd5 7.d3 Bd6 8.Be2 a6 
9.O-O O-O 10.Nbd2 Re8 11.Rc1 Bf5 12.a3 Rc8 13.Re1 Ng4 14.Nf1 Re6 15.h3 Nh6
16.d4 Rg6 17.Bd3 cxd4 18.Bxf5 Nxf5 19.exd4 Nh4 20.Ne3 Bf4 21.Nxh4 Qxh4 22.
Qf3 Bxe3 23.Rxe3 Rd8 24.Qxd5 h6 25.Qe4 Qxe4 26.Rxe4 Rgd6 27.Rd1 g5 28.g4 
h5 29.Kg2 hxg4 30.hxg4 Na5 31.Re5 Nxb3 32.Rxg5+ Kf8 33.a4 f6 34.Rh5 Rd5 
35.Rh8+ Kg7 36.Rxd8 Rxd8 37.Kf3 Nc5 38.a5 Nb3 39.d5 Nxa5 40.g5 Kg6 41.Bxf6
Rd7 42.Ke4 Nc4 43.f4 Nd6+ 44.Ke5 Nc4+ 45.Ke6 Rd6+ 46.Ke7 1-0

[Event "16th EUR-ch"]
[Site "Jerusalem ISR"]
[Date "2015.03.01"]
[Round "5"]
[White "Gabizon, Eyal"]
[Black "Cohen Revivo, Alon"]
[Result "1-0"]
[WhiteElo "1760"]
[BlackElo "2022"]
[EventDate "2015.02.24"]
[PlyCount "97"]

1.d4 e6 2.c4 b6 3.Nc3 Bb7 4.e4 Bb4 5.Qc2 Qh4 6.d5 f5 7.Bd2 fxe4 8.O-O-O 
Nf6 9.dxe6 Qh5 10.Nb5 Bd6 11.Nxd6+ cxd6 12.Bb4 O-O 13.Bxd6 Rc8 14.e7 Nc6 
15.Ne2 Qa5 16.Nc3 Nb4 17.Qb3 Qg5+ 18.Kb1 Nd3 19.Bxd3 exd3 20.h4 Qg6 21.Rh3
Ne4 22.c5+ Kh8 23.Nxe4 Bxe4 24.Qc3 bxc5 25.Rg3 Qf7 26.Rxg7 Qxg7 27.Be5 Rg8
28.h5 h6 29.f3 Bh7 30.g4 d6 31.Bxg7+ Rxg7 32.g5 Kg8 33.g6 Bxg6 34.hxg6 
Rxe7 35.Qxd3 Rae8 36.f4 Re6 37.f5 Rf6 38.Qd5+ Kf8 39.Qb7 Re7 40.g7+ Rxg7 
41.Qb8+ Kf7 42.Rxd6 Rxf5 43.Qc7+ Kg8 44.Qc8+ Rf8 45.Qe6+ Rff7 46.Rd7 Rg1+ 
47.Kc2 Rf1 48.Qg6+ Kf8 49.Rd8+ 1-0